|
|
|
|
| LEADER |
00860nab a2200217 i 4500 |
| 001 |
acta6298 |
| 005 |
20220920134917.0 |
| 008 |
161015s1961 hu o 0|| hun d |
| 022 |
|
|
|a 0324-6523
|
| 040 |
|
|
|a SZTE Egyetemi Kiadványok Repozitórium
|b hun
|
| 041 |
|
|
|a hun
|
| 041 |
|
|
|a rus
|
| 100 |
1 |
|
|a Balázs József
|
| 245 |
1 |
2 |
|a A mezőgazdasági termelőszövetkezetek jövedelemrészesedése
|h [elektronikus dokumentum] /
|c Balázs József
|
| 260 |
|
|
|a Szegedi Tudományegyetem Állam- és Jogtudományi Kara
|b Szeged
|c 1961
|
| 300 |
|
|
|a 1-20
|
| 490 |
0 |
|
|a Acta Universitatis Szegediensis : acta juridica et politica
|v 8 No. 3
|
| 650 |
|
4 |
|a Társadalomtudományok
|
| 650 |
|
4 |
|a Politikatudomány
|
| 695 |
|
|
|a Termelőszövetkezet - mezőgazdasági - Magyarország
|
| 856 |
4 |
0 |
|u http://acta.bibl.u-szeged.hu/6298/1/juridpol_008_fasc_003_001-020.pdf
|z Dokumentum-elérés
|